Metaphysik der Sitten
Saved in:
| 格式: | 圖書 |
|---|---|
| 語言: | 德语 |
| 出版: |
Hamburgo
Felix Meiner
1922
|
| 版: | 4a. ed |
| 叢編: | Philosophische Bibliothek, 42
|
| 主題: | |
| 標簽: |
添加標簽
沒有標簽, 成為第一個標記此記錄!
|
MARC
| LEADER | 00000nam a2200000 a 4500 | ||
|---|---|---|---|
| 001 | UCZ5134 | ||
| 003 | CL-VaPUC | ||
| 005 | 20220104074312.0 | ||
| 008 | 951117e19220000GW |||||||||||||||||ger|d | ||
| 999 | |c 241459 |d 241457 | ||
| 040 | |c Pontificia Universidad Católica de Valparaíso | ||
| 082 | 0 | 4 | |a 141 |b KAN |2 21 |
| 245 | 1 | 0 | |a Metaphysik der Sitten |
| 250 | |a 4a. ed | ||
| 260 | |a Hamburgo |b Felix Meiner |c 1922 | ||
| 300 | |a 378 p | ||
| 490 | 0 | |a Philosophische Bibliothek, 42 | |
| 500 | |a Incluye: Anfangsgründe der Rechtslehre. Metaphysische Anfangsgründe der Tugendlehre | ||
| 583 | |a last modification |c 19951117 00:00:00 |k Rodrigo Vera | ||
| 650 | 0 | |a Idealismo |9 265685 | |
| 650 | 0 | |a Filosofía alemana |9 265002 | |
| 650 | 0 | |a Escuelas filosóficas |9 266232 | |
| 650 | 0 | |a Teología |9 258766 | |
| 650 | 0 | |a Metafísica |9 265649 | |
| 852 | |a BIBCUR | ||
| 942 | |c BK |2 ddc | ||
| 945 | |d 19951117 00:00:00 |a cmena | ||
| 952 | |0 0 |1 0 |4 0 |6 141_000000000000000_KAN_1922 |7 0 |8 P |9 253788 |a BIBEDU |b BIBEDU |c BIBEDU_PB |d 2019-11-19 |i 1574558 |o 141 KAN 1922 |p 1574558 |r 2024-01-25 |w 2019-11-19 |y BK |k FIL | ||